000 00608nam a2200241Ia 4500
003 OSt
005 20220928141053.0
006 a|||||r|||| 00| 0
007 ta
008 220927b |||||||| |||| 00| 0 eng d
024 _a13469
037 _cTextual
040 _aSDCL
_cSDCL
_beng
041 _2eng
_aeng
082 _aD650bX9, M1
100 _aChute George M
_9498925
245 0 _aElectronics in industry.
250 _a5
260 _c1981
700 _a Chute Robert D
_9498926
942 _hD650bX9, M1
_cTEXL
_2CC
999 _c815878
_d815878